Memoria relativa a las excavaciones de El Castellón en el concejo de Coaña (Asturias) / (Record no. 54303)

MARC details
000 -LEADER
campo de control de longitud fija 00624nam a2200157 i 4500
001 - NÚMERO DE CONTROL
campo de control 54303
003 - IDENTIFICADOR DE NÚMERO DE CONTROL
campo de control ES-MaACL
007 - CAMPO FIJO DE DESCRIPCIÓN FÍSICA--INFORMACIÓN GENERAL
campo de control de longitud fija t|
008 - DATOS DE LONGITUD FIJA--INFORMACIÓN GENERAL
campo de control de longitud fija 931025s1878 sp a ||||1| spa d
100 1# - ENTRADA PRINCIPAL--NOMBRE DE PERSONA
Nombre de persona Flórez y González, José María.
9 (RLIN) 51324
245 10 - MENCIÓN DEL TÍTULO
Título Memoria relativa a las excavaciones de El Castellón en el concejo de Coaña (Asturias) /
Mención de responsabilidad, etc. por José María Flórez y González.
260 ## - PUBLICACIÓN, DISTRIBUCIÓN, ETC.
Lugar de publicación, distribución, etc. Oviedo :
Nombre del editor, distribuidor, etc. Diputación Provincial,
Fecha de publicación, distribución, etc. 1878 (
Fabricante Imp. y Lit. de Vicente Brid)
300 ## - DESCRIPCIÓN FÍSICA
Extensión 21 p., [1] h. pleg., [4] h. de lám. ;
Dimensiones 27 cm.
710 1# - ENTRADA AGREGADA--NOMBRE DE ENTIDAD CORPORATIVA
Nombre de entidad corporativa o nombre de jurisdicción como elemento de entrada Oviedo (Provincia).
Unidad subordinada Diputación Provincial.
9 (RLIN) 6085
852 ## - LOCALIZACIÓN
Ubicación ES-MaACL
Número de control de estantería T-319-F-5
Holdings
Estatus retirado Estado de pérdida Estado de daño No para préstamo Colección Biblioteca de origen Biblioteca actual Ubicación en estantería Fecha de adquisición Fuente de adquisición Total de préstamos Signatura topográfica completa Código de barras Visto por última vez Precio de reemplazo Tipo de ítem Koha
        Colección de folletos Biblioteca del Ateneo de Madrid Biblioteca del Ateneo de Madrid Depósito folletos 17/01/2008     T-319-F-5 1057066 23/02/2023 23/02/2023 Folleto